| 000 | 00389nam a2200157Ia 4500 | ||
|---|---|---|---|
| 008 | 240729s9999 xx 000 0 und d | ||
| 022 | _a2639-6181 | ||
| 245 | 0 | _aLegume Science | |
| 260 | _aUnited States | ||
| 260 | _bWiley | ||
| 650 | _a Plant culture | ||
| 650 | _aAgriculture | ||
| 856 | _uhttps://doaj.org/toc/af91af85fd634083b2d6baae1a5df761 | ||
| 942 | _2ddc | ||
| 942 | _cDOAJEJ | ||
| 999 |
_c72567 _d72567 |
||
| 945 |
_a1 _bMadushi Gamage _c1 _dMadushi Gamage |
||